Huyền thoại đất phương Nam Tiểu thuyết

Đã lưu trong:
書目詳細資料
主要作者: Lê Thành Chơn
格式: 圖書
語言:Undetermined
出版: Tp. HCM Trẻ 2002
主題:
標簽: 添加標簽
沒有標簽, 成為第一個標記此記錄!
Thư viện lưu trữ: Trung tâm Học liệu Trường Đại học Cần Thơ
LEADER 00521nam a2200193Ia 4500
001 CTU_51979
008 210402s9999 xx 000 0 und d
020 |b 60000 
082 |a 895.9223 
082 |b Ch464 
100 |a Lê Thành Chơn 
245 0 |a Huyền thoại đất phương Nam 
245 0 |b Tiểu thuyết 
245 0 |c Lê Thành Chơn 
260 |a Tp. HCM 
260 |b Trẻ 
260 |c 2002 
650 |a vietnamese fiction 
980 |a Trung tâm Học liệu Trường Đại học Cần Thơ